000 00583nam a2200205 i 4500
001 108142
003 ES-MaACL
005 20250804082045.0
007 t|
008 070124s1960 xxu ||||1| eng d
080 _a164
100 1 _aLewis, Clarence Irving.
_972044
245 1 2 _aA survey of symbolic logic /
_cby C. I. Lewis.
260 _aNew York :
_bDover,
_c[1960]
300 _a327 p. ;
_c22 cm.
500 _aBiblioteca Jacinto Martínez Lacalle.
650 7 _aLógica matemática
_2embne
_914697
852 _aES-MaACL
_jE-11535
_bR.139608
999 _c108142
_d108142